000
00322nam a2200121Ia 4500
008
210430s9999 xx 000 0 und d
020
_a
969-8893-00-8
082
_a
M2141S 595.726
100
_a
Syed Khalid Mahmood
_9
1581
245
_a
Spotlight on World Cup 2003
_c
Syed Khalid Mahmood
300
_a
186
942
_c
BK
_2
ddc
999
_c
565340
_d
565340